1186 1434 1617 1430 1733 1919 1045 1912 1493 1231 1857 1352 1545 1044 1210 1914 1274 1679 1610 1293 1098 1171 1885 1743 1298 1766 1490 1942 1551 1041 1288 1156 1302 1453 1945 1254 1958 1187 1508 1219 1904 1960 1103 1428 1888 1414 1424 1739 1406 1639 1938 1395 1318 1738 1513 1631 1942 1810 1491 1699 1708 1555 1684 1859 1486 1441 1389 1318 1418 1533 1012 1348 1753 1999 1396 1623 1811 1235 1473 1585 1592 1382 1863 1689 1757 1212 1384 1723 1718 1381 1419 1217 1183 1725 1547 1615 1336 1119 1698 BCNSPRNW ULIB Ver.6.0+V

เปลี่ยนเป็นภาษาไทย

Change to English
 แสดงรายละเอียดบรรณานุกรม
  กลับหน้าหลัก

Brief Record : Get Marc (ISO 2709) : E-mail record : QR code < ปิดหน้าต่าง
LEADER : 00000nam 2200000uu 4500
001    13399112843
003     ULIB
008    110913s2547||||th 000 0 tha d
020    9749258053
050  4 SB^bอ418ผ 2547
245 00 ผักพื้นบ้านภาคใต้ /^cผู้รวบรวม, อรุณี วิเศษสุข ...[และคนอื่นๆ] ; บรรณาธิการ, กัญจนา ดีวิเศษ
250    พิมพ์ครั้งที่ 2
260    [นนทบุรี] :^bสถาบันการแพทย์แผนไทย,^c2547
300    279 หน้า :^bภาพประกอบสี ;^c22 ซม
650  4 ผัก^zไทย (ภาคใต้)
650  4 อาหาร^zไทย (ภาคใต้)
700 0  อรุณี วิเศษสุข
700 0  กัญจนา ดีวิเศษ,^eบรรณาธิการ
945    ^p250^l0^i24469
995    กัณชพร
999 ^a ใช้งานได้ทุกระบบ
รายการนี้ยังไม่มีแท็ก
คุณยังไม่ได้ล็อกอิน คุณสามารถมีกิจกรรมร่วมกับเว็บไซต์ได้ แต่ต้องล็อกอินก่อน ::
  ล็อกอิน

รายการสื่อสารสนเทศ

ลำดับที่ ประเภท เลขเรียก/บาร์โค้ด สถานที่ สถานะ
- ไม่พบข้อมูล -

BibComment


ยังไม่เคยถูกคอมเมนท์

คอมเมนท์ทรัพยากรรายการนี้
  คอมเมนท์: ผักพื้นบ้านภาคใต้..


 Copyright 2026. Bcnsprnw @Library